Brazilian Superliga Volleyball Champions Quiz Stats

 Plays Quiz not verified by Sporcle

Support Sporcle.
Go Orange.
Score 0/42 Timer 10:00
0 Plays Today
Year Club % Correct
2011-12Sada Cruzeiro
90.6%
2013-14Sada Cruzeiro
90.6%
2014-15Sada Cruzeiro
90.6%
2015-16Sada Cruzeiro
90.6%
2016-17Sada Cruzeiro
90.6%
2017-18Sada Cruzeiro
90.6%
2018-19Funvic Vôlei Taubaté
68.8%
2010-11SESI-SP
65.6%
1978Banespa Sao Paulo
62.5%
1987Banespa Sao Paulo
62.5%
1989-90Banespa Sao Paulo
62.5%
1990-91Banespa Sao Paulo
62.5%
1991-92Banespa Sao Paulo
62.5%
2004-05Banespa Sao Paulo
62.5%
1984Minas
56.3%
1985Minas
56.3%
1986Fiat Minas
56.3%
1999-00Telemig Celular Minas
56.3%
2000-01Telemig Celular Minas
56.3%
2001-02Telemig Celular Minas
56.3%
2006-07Telemig Celular Minas
56.3%
Year Club % Correct
1980Pirelli Santo André
40.6%
1982Pirelli Santo André
40.6%
1983Pirelli Santo André
40.6%
1988-89Pirelli Santo André
40.6%
2005-06Cimed Florianopolis
40.6%
2007-08Cimed Florianopolis
40.6%
2008-09Cimed Florianopolis
40.6%
2009-10Cimed Florianopolis
40.6%
2012-13RJX
40.6%
1997-98Ulbra
31.3%
1998-99Ulbra
31.3%
2002-03Ulbra
31.3%
1993-94União Suzano
28.1%
1992-93União Suzano
28.1%
1996-97União Suzano
28.1%
1976Botafogo
21.9%
1995-96Olympikus
18.8%
1981Atlântica Boavista
15.6%
2003-04Unisul
15.6%
1994-95Novo Hamburgo
12.5%
2020-21Funvic Vôlei Taubaté
0%

You're not logged in!

Compare scores with friends on all Sporcle quizzes.
OR
Log In

From the Vault

One Subcategory in 15 Categories - Novel

by MrWhiplash

It's time to get to that pile of books you've been meaning to read for the last few years.
Remove Ads.
Support Sporcle.
Get the best of Sporcle when you Go Orange. This ad-free experience offers more features, more stats, and more fun while also helping to support Sporcle. Thank you for becoming a member.

Show Comments

Extras

Top Quizzes Today


Score Distribution

Your Account Isn't Verified!

In order to create a playlist on Sporcle, you need to verify the email address you used during registration. Go to your Sporcle Settings to finish the process.

Report this User

Report this user for behavior that violates our Community Guidelines.

Details: